| 000 | 00555nam a2200229 a 4500 | ||
|---|---|---|---|
| 001 | 0001-1417 | ||
| 003 | ELIB.Books | ||
| 008 | 160805 2010 eng | ||
| 020 | _aKBTS | ||
| 035 | _a(ELIB.Books)0001-1572 | ||
| 092 |
_a232 _bCav |
||
| 100 | _aCaviezel, Jim. | ||
| 245 | _aThe Word of Promise From Jesus | ||
| 260 |
_aNashville _bThomas Nelson, Inc. _c2007 |
||
| 300 | _c16 Cm | ||
| 650 | _aJesus Christ | ||
| 856 |
_nKBTS Library _uKBTS: ELIB |
||
| 942 |
_2ddc _cBK |
||
| 990 | _a1 | ||
| 998 |
_cbat _e2016-08-05 |
||
| 999 |
_c11417 _d11417 |
||